| 000 | 00712cam a2200205 a 4500 | ||
|---|---|---|---|
| 001 | 15561371 | ||
| 005 | 20250207173756.0 | ||
| 008 | 081218s2009 enka b 001 0 eng | ||
| 020 | _a9780521899727 (hbk.) | ||
| 020 | _a0521899729 (hbk.) | ||
| 050 | 0 | 0 |
_aHC85 _b.L96 2009 |
| 082 | 0 | 0 |
_a333.7 _222 |
| 100 | 1 | _aLynch, Daniel R. | |
| 245 | 1 | 0 |
_aSustainable natural resource management for scientists and engineers / _cDaniel R. Lynch. |
| 260 |
_aCambridge ; _aNew York : _bCambridge University Press, _c2009. |
||
| 300 |
_axvii, 230 p. : _bill. ; _c26 cm. |
||
| 650 | 0 |
_aNatural resources _xManagement _xMathematical models. |
|
| 650 | 0 |
_aNatural resources _xEnvironmental aspects _xManagement. |
|
| 942 |
_2lcc _cBK _n0 |
||
| 999 |
_c3572 _d3572 |
||